000 00334nam a2200133Ia 4500
008 191201s2003 xx 000 0 und d
082 _a621.384135
_bPRA
100 _aPrasad, K D
245 0 _aAntenna and Wave Propagation
260 _a New Delhi
_bSatya Prakashan
_c2003
300 _a1282
650 _aB.Tech(ECE)
942 _2ddc
_cBK
999 _c3460
_d3460